| LEADER | 01325nam a2200277 4500 | ||
|---|---|---|---|
| 082 | |a 809 |b NH123CH | ||
| 100 | |a Nhật Chiêu | ||
| 245 | |a Câu chuyện văn chương phương Đông |c Nhật Chiêu | ||
| 260 | |a H. |b Giáo dục |c 1997 | ||
| 300 | |a 231 tr. |c 21 cm | ||
| 520 | |a v.v... | ||
| 653 | |a Văn học | ||
| 653 | |a Ai Cập | ||
| 653 | |a Lưỡng Hà | ||
| 653 | |a A Rập | ||
| 653 | |a Ba Tư | ||
| 653 | |a Ấn Độ | ||
| 653 | |a Trung Quốc | ||
| 653 | |a Nhật Bản | ||
| 942 | |2 ddc |c STK0 | ||
| 999 | |c 2517 |d 2517 | ||
| 952 | |0 0 |1 0 |2 ddc |4 0 |6 809_000000000000000_NH123CH |7 1 |8 800 |9 31862 |a qbu |b qbu |c D5 |d 2014-12-14 |g 10000 |o 809 NH123CH |p 3661.c1 |r 0000-00-00 |w 2014-12-14 |y STK0 | ||
| 952 | |0 0 |1 0 |2 ddc |4 0 |6 809_000000000000000_NH123CH |7 0 |8 800 |9 31863 |a qbu |b qbu |c D5 |d 2014-12-14 |g 10000 |o 809 NH123CH |p 3661.c2 |r 0000-00-00 |w 2014-12-14 |y STK0 | ||
| 952 | |0 0 |1 0 |2 ddc |4 0 |6 809_000000000000000_NH123CH |7 0 |8 800 |9 31864 |a qbu |b qbu |c D5 |d 2014-12-14 |g 10000 |o 809 NH123CH |p 3661.c3 |r 2015-10-27 |w 2014-12-14 |y STK0 | ||
| 952 | |0 0 |1 0 |2 ddc |4 0 |6 809_000000000000000_NH123CH |7 0 |8 800 |9 31865 |a qbu |b qbu |c D5 |d 2014-12-14 |g 10000 |o 809 NH123CH |p 3661.c4 |r 0000-00-00 |w 2014-12-14 |y STK0 | ||
| 952 | |0 0 |1 0 |2 ddc |4 0 |6 809_000000000000000_NH123CH |7 0 |8 800 |9 31866 |a qbu |b qbu |c D5 |d 2014-12-14 |g 10000 |l 1 |o 809 NH123CH |p 3661.c5 |r 2015-09-03 |s 2015-08-26 |w 2014-12-14 |y STK0 | ||